LEADER 01564nam a2200325 i 4500 001 000000081393 003 CaOOAMICUS 005 20180608000000.0 008 180608s2014 it u000 u ita u 013 $a53633 020 $a978-88-7402-700-2 040 $aSeMil$bita 245 10$aDonne e uomini :$bprospettive di umanitą per tutti dalla Bibbia alla vita di oggi /$ca cura di Ernesto Borghi ; in collaborazione con Gaia De Vecchi ... [et al.] ; Prefazione di Alberto Bondolfi. 260 $aCantalupa (TO) :$bEffatą,$c2014. 300 $a300 p. :$bill. ;$c21 cm. 490 0 $aSpiritualitą come, dove, quando 500 $aDono del Card. Angelo Scola. 650 4$aBibbia - Antropologia.$0(OLS)http://semarc/subject/1322 650 4$aAntropologia biblica.$0(OLS)http://semarc/subject/1328 700 1 $aBorghi, Ernesto,$d<1964- >.$0(OLS)http://semarc/name/13163 700 1 $aBondolfi, Alberto,$d<1946- >.$0(OLS)http://semarc/name/16560 700 1 $aDe Vecchi, Gaia,$d<1973- >.$0(OLS)http://semarc/name/58968 830 0$aSpiritualitą come, dove, quando.$0(OLS)http://semarc/title/400710 850 $aSeMil 852 $aSeMil$W1$xVenegono$y1$m2Z III 188$j46639$B46639$CSeMilBibl$Z2$F48992 $81 941 1 $a6 961 $aOmaggio: Scola Card. Angelo 996 $6020$a978-88-7402-700-2$9(OLS)http://semarc/number/271052 996 $6245$aDonne e uomini :$bprospettive di umanitą per tutti dalla Bibbia alla vita di oggi$9(OLS)http://semarc/title/404496 996 $6260$aCantalupa (TO) :$bEffatą$9(OLS)http://semarc/publisher/32483 LEADER 01288nam a2200253 i 4500 001 000000078228 003 CaOOAMICUS 005 20161014000000.0 008 161014s1984 it u000 u ita u 013 $a50465 040 $aSeMil$bita 100 1 $aFanuli, Antonio.$0(OLS)http://semarc/name/16968 245 10$aOsea :$bil profeta dell'amore sempre disposto a innamorarsi ; Michea : l'uomo dall'acuta coscienza profetica /$cAntonio Fanuli. 260 $aBrescia :$bQueriniana,$ccopyr. 1984. 300 $a190 p. ;$c21 cm. 490 0 $aLeggere oggi la Bibbia ;$v1.23 650 4$aBibbia. Antico Testamento. Osea - Commentari, studi, critica, interpretazioni.$0(OLS)http://semarc/subject/6990 650 4$aBibbia. Antico Testamento. Michea - Commentari, studi, critica, interpretazioni.$0(OLS)http://semarc/subject/15898 830 0$aLeggere oggi la Bibbia ;$v1.23.$0(OLS)http://semarc/title/15 850 $aSeMil 852 $aSeMil$W1$xVenegono$y1$m2W VII 43$j44193$B44193$CSeMilBibl$Z2$F45824 $81 961 $aRecupero: Seminario di Seveso 996 $6245$aOsea :$bil profeta dell'amore sempre disposto a innamorarsi ; Michea : l'uomo dall'acuta coscienza profetica$9(OLS)http://semarc/title/126626 996 $6260$aBrescia :$bQueriniana$9(OLS)http://semarc/publisher/29615